<?xml version="1.0" encoding="UTF-8"?>
<record
    xmlns:xsi="http://www.w3.org/2001/XMLSchema-instance"
    xsi:schemaLocation="http://www.loc.gov/MARC21/slim http://www.loc.gov/standards/marcxml/schema/MARC21slim.xsd"
    xmlns="http://www.loc.gov/MARC21/slim">

  <leader>00572nam a22001577a 4500</leader>
  <controlfield tag="008">230601b        |||||||| |||| 00| 0 eng d</controlfield>
  <datafield tag="040" ind1=" " ind2=" ">
    <subfield code="a">National Science Library</subfield>
    <subfield code="c">National Science Library</subfield>
  </datafield>
  <datafield tag="080" ind1=" " ind2=" ">
    <subfield code="a">621.039.6(082.2)</subfield>
    <subfield code="b">M1</subfield>
  </datafield>
  <datafield tag="245" ind1=" " ind2=" ">
    <subfield code="a">Fusion technology 1980</subfield>
    <subfield code="c">/ Commission of the European Communities</subfield>
  </datafield>
  <datafield tag="260" ind1=" " ind2=" ">
    <subfield code="a">New York: </subfield>
    <subfield code="b">Commission of the European Communities, </subfield>
    <subfield code="c">1980</subfield>
  </datafield>
  <datafield tag="300" ind1=" " ind2=" ">
    <subfield code="a">680p.</subfield>
  </datafield>
  <datafield tag="500" ind1=" " ind2=" ">
    <subfield code="a">Vol. 1 (1980); 680p.
Vol. 1 (1984); 801p.
Vol. 2 (1980); 1320p.
Vol. 2 (1984); 1703p.</subfield>
  </datafield>
  <datafield tag="650" ind1=" " ind2=" ">
    <subfield code="a">Science</subfield>
  </datafield>
  <datafield tag="653" ind1=" " ind2=" ">
    <subfield code="a">Bibliography</subfield>
  </datafield>
  <datafield tag="942" ind1=" " ind2=" ">
    <subfield code="2">udc</subfield>
    <subfield code="c">BK</subfield>
  </datafield>
  <datafield tag="999" ind1=" " ind2=" ">
    <subfield code="c">38096</subfield>
    <subfield code="d">38096</subfield>
  </datafield>
  <datafield tag="952" ind1=" " ind2=" ">
    <subfield code="0">0</subfield>
    <subfield code="1">0</subfield>
    <subfield code="2">udc</subfield>
    <subfield code="4">0</subfield>
    <subfield code="6">62103960822_M1</subfield>
    <subfield code="7">0</subfield>
    <subfield code="9">57483</subfield>
    <subfield code="a">NSL</subfield>
    <subfield code="b">NSL</subfield>
    <subfield code="c">GF/Rk-12/C-22/R-3</subfield>
    <subfield code="d">1982-01-02</subfield>
    <subfield code="h">Vol. 1 (1980); 680p.</subfield>
    <subfield code="l">0</subfield>
    <subfield code="o">621.039.6(082.2) M1</subfield>
    <subfield code="p">100841</subfield>
    <subfield code="r">2023-06-01 00:00:00</subfield>
    <subfield code="w">1982-01-02</subfield>
    <subfield code="y">BK</subfield>
  </datafield>
  <datafield tag="952" ind1=" " ind2=" ">
    <subfield code="0">0</subfield>
    <subfield code="1">0</subfield>
    <subfield code="2">udc</subfield>
    <subfield code="4">0</subfield>
    <subfield code="6">62103960822_M41</subfield>
    <subfield code="7">0</subfield>
    <subfield code="9">57488</subfield>
    <subfield code="a">NSL</subfield>
    <subfield code="b">NSL</subfield>
    <subfield code="c">GF/Rk-12/C-22/R-3</subfield>
    <subfield code="d">1982-01-02</subfield>
    <subfield code="h">Vol. 1 (1984); 801p.</subfield>
    <subfield code="l">0</subfield>
    <subfield code="o">621.039.6(082.2) M4.1</subfield>
    <subfield code="p">167165</subfield>
    <subfield code="r">2023-06-01 00:00:00</subfield>
    <subfield code="w">1982-01-02</subfield>
    <subfield code="y">BK</subfield>
  </datafield>
  <datafield tag="952" ind1=" " ind2=" ">
    <subfield code="0">0</subfield>
    <subfield code="1">0</subfield>
    <subfield code="2">udc</subfield>
    <subfield code="4">0</subfield>
    <subfield code="6">62103960822_M12</subfield>
    <subfield code="7">0</subfield>
    <subfield code="9">57489</subfield>
    <subfield code="a">NSL</subfield>
    <subfield code="b">NSL</subfield>
    <subfield code="c">GF/Rk-12/C-22/R-3</subfield>
    <subfield code="d">1982-01-02</subfield>
    <subfield code="h">Vol. 2 (1980); 1320p.</subfield>
    <subfield code="l">0</subfield>
    <subfield code="o">621.039.6(082.2) M1.2</subfield>
    <subfield code="p">100842</subfield>
    <subfield code="r">2023-06-01 00:00:00</subfield>
    <subfield code="w">1982-01-02</subfield>
    <subfield code="y">BK</subfield>
  </datafield>
  <datafield tag="952" ind1=" " ind2=" ">
    <subfield code="0">0</subfield>
    <subfield code="1">0</subfield>
    <subfield code="2">udc</subfield>
    <subfield code="4">0</subfield>
    <subfield code="6">62103960822_L6</subfield>
    <subfield code="7">0</subfield>
    <subfield code="9">57493</subfield>
    <subfield code="a">NSL</subfield>
    <subfield code="b">NSL</subfield>
    <subfield code="c">GF/Rk-12/C-22/R-3</subfield>
    <subfield code="d">1982-01-02</subfield>
    <subfield code="l">0</subfield>
    <subfield code="o">621.039.6(082.2) L6</subfield>
    <subfield code="p">87638</subfield>
    <subfield code="r">2023-06-01 00:00:00</subfield>
    <subfield code="w">1982-01-02</subfield>
    <subfield code="y">BK</subfield>
  </datafield>
  <datafield tag="952" ind1=" " ind2=" ">
    <subfield code="0">0</subfield>
    <subfield code="1">0</subfield>
    <subfield code="2">udc</subfield>
    <subfield code="4">0</subfield>
    <subfield code="6">62103960822_M4</subfield>
    <subfield code="7">0</subfield>
    <subfield code="9">57501</subfield>
    <subfield code="a">NSL</subfield>
    <subfield code="b">NSL</subfield>
    <subfield code="c">GF/Rk-12/C-22/R-3</subfield>
    <subfield code="d">1982-01-02</subfield>
    <subfield code="h">Vol. 2 (1984); 1703p.</subfield>
    <subfield code="l">0</subfield>
    <subfield code="o">621.039.6(082.2) M4</subfield>
    <subfield code="p">167166</subfield>
    <subfield code="r">2023-06-01 00:00:00</subfield>
    <subfield code="w">1982-01-02</subfield>
    <subfield code="y">BK</subfield>
  </datafield>
</record>
